000 00547nam a2200217Ia 4500
003 OSt
005 20220926042400.0
006 a|||||r|||| 00| 0
007 ta
008 220923b |||||||| |||| 00| 0 eng d
037 _cGeneral Book
040 _aRTL
_cRTL
_beng
041 _2eng
_aeng
082 _aZ3,313, K0-K0;1
100 _aFridman G H L
_9346188
245 0 _aLaw of agency
260 _c1960
650 _aGreat Britain Law
942 _hZ3,313, K0-K0;1
_cGB
_2CC
999 _c669584
_d669584